| 000 | 00352nam a22001337a 4500 | ||
|---|---|---|---|
| 008 | 160507b xxu||||| |||| 00| 0 eng d | ||
| 020 | _a9780321489845 | ||
| 020 | _a0321489845 | ||
| 020 | _a0321547896 | ||
| 041 | _aeng | ||
| 080 | _a573 | ||
| 245 |
_aBiology concepts connections: _cNeil A. Campbell; Jane B. Reece; Martha R. Taylor; |
||
| 942 |
_2udc _cBK |
||
| 999 |
_c1923 _d1923 |
||